| 000 | 00538nam a2200193 a 4500 | ||
|---|---|---|---|
| 005 | 20140412111238.0 | ||
| 008 | 001109s19uu xx 00 eng d | ||
| 020 | _a0-307-23171-2 | ||
| 050 |
_aER _bBe35Bi 1992 |
||
| 100 | _aBerenstain, Stan | ||
| 245 |
_aBerenstain Bears (The)/ : _cStan & Jan Berenstain. _band the Big red kite / |
||
| 260 |
_aNew York : _bGolden Book, _c1992. |
||
| 300 | _a[32] p. ; ill. | ||
| 440 | _aFirst Time Books | ||
| 520 | _a | ||
| 650 | _aKites--Fiction | ||
| 650 | _aBears--Fiction | ||
| 999 |
_c102566 _d102566 |
||